00422nam a2200157Ia 4500003000900000008004100009020001800050040001600068080001900084100002800103245004800131260003100179300001500210650001800225650002100243IN-BaIIA211028s9999 xx 000 0 eng d a0-408-70019-X cIIA Library a530.1:677bBEE aBeevers, Roy Berrisford 0aExperiments in fiber physicscR. B. Beevers aLondonbButterworthsc1970 axii, 230p. aFibre physics aTextile fibersĀ